<?xml version="1.0" encoding="UTF-8"?>
<collection xmlns="http://www.loc.gov/MARC21/slim">
 <record>
  <leader>00930pamaa2200265   4500</leader>
  <controlfield tag="001">0000043947</controlfield>
  <controlfield tag="005">20140428090000.0</controlfield>
  <controlfield tag="008">080712                             eng  </controlfield>
  <datafield tag="020" ind1="0" ind2="0">
   <subfield code="a">8189836587 (pbk.) </subfield>
  </datafield>
  <datafield tag="090" ind1="0" ind2="0">
   <subfield code="a">QR62 </subfield>
   <subfield code="b">HAR 2007</subfield>
  </datafield>
  <datafield tag="100" ind1="1" ind2="0">
   <subfield code="a">Harvey </subfield>
  </datafield>
  <datafield tag="245" ind1="1" ind2="0">
   <subfield code="a">Lippincott's illustrated reviews : </subfield>
   <subfield code="b">Microbiology  </subfield>
   <subfield code="c">Richard A. Harvey, Pamela C. Champe, Bruce D. Fisher.</subfield>
  </datafield>
  <datafield tag="250" ind1="0" ind2="0">
   <subfield code="a">2nd ed.</subfield>
  </datafield>
  <datafield tag="260" ind1="0" ind2="0">
   <subfield code="a">Philadelphia: </subfield>
   <subfield code="b">Lippincott Williams &amp; Wilkins, </subfield>
   <subfield code="c">2007.</subfield>
  </datafield>
  <datafield tag="300" ind1=" " ind2=" ">
   <subfield code="a">ix, 438p: </subfield>
   <subfield code="b">ill.; </subfield>
   <subfield code="c">26 cm.</subfield>
  </datafield>
  <datafield tag="440" ind1="0" ind2="0">
   <subfield code="a">Lippincott's illustrated reviews</subfield>
  </datafield>
  <datafield tag="500" ind1="0" ind2="0">
   <subfield code="a">Rev. ed. of: Microbiology / William A. Strohl, Harriet Rouse, Bruce D. Fisher. c2001</subfield>
  </datafield>
  <datafield tag="500" ind1="0" ind2="0">
   <subfield code="a">Includes index</subfield>
  </datafield>
  <datafield tag="501" ind1="0" ind2="0">
   <subfield code="a">SOP</subfield>
  </datafield>
  <datafield tag="650" ind1="0" ind2="0">
   <subfield code="a">Microbiology -- </subfield>
   <subfield code="x">Outlines, syllabi, etc </subfield>
  </datafield>
  <datafield tag="650" ind1="0" ind2="0">
   <subfield code="a">Microbiology -- </subfield>
   <subfield code="x">Outlines </subfield>
  </datafield>
  <datafield tag="700" ind1="1" ind2="1">
   <subfield code="a">Champe, </subfield>
   <subfield code="h">Pamela C. </subfield>
  </datafield>
  <datafield tag="700" ind1="1" ind2="1">
   <subfield code="a">Fisher, </subfield>
   <subfield code="h">Bruce D.,M.D. </subfield>
  </datafield>
  <datafield tag="700" ind1="1" ind2="1">
   <subfield code="a">Strohl, </subfield>
   <subfield code="h">William A. </subfield>
  </datafield>
  <datafield tag="901" ind1=" " ind2=" ">
   <subfield code="u">www.lww.com</subfield>
  </datafield>
 </record>
</collection>
